|
|
|
|
| LEADER |
00000nam0a2200000 4500 |
| 001 |
320418 |
| 005 |
20231102003258.0 |
| 010 |
|
|
|a 9785991685603
|
| 035 |
|
|
|a (RuTPU)RU\TPU\book\345949
|
| 090 |
|
|
|a 320418
|
| 100 |
|
|
|a 20160706d2016 m y0rusy50 ca
|
| 101 |
0 |
|
|a rus
|
| 102 |
|
|
|a RU
|
| 105 |
|
|
|a a j 001zy
|
| 200 |
1 |
|
|a Конкурентные преимущества и бенчмаркинг
|e учебное пособие для бакалавриата и магистратуры
|f Ю. Н. Соловьева
|g Санкт-Петербургский государственный экономический университет (СПбГЭУ)
|
| 205 |
|
|
|a 2-е изд., испр. и доп.
|
| 210 |
|
|
|a Москва
|c Юрайт
|d 2016
|
| 215 |
|
|
|a 132 с.
|c ил.
|
| 225 |
1 |
|
|a Бакалавр и магистр. Модуль.
|
| 225 |
1 |
|
|a Маркетинг
|
| 320 |
|
|
|a Библиогр.: с. 128-131
|
| 330 |
|
|
|a В учебном пособии охарактеризован современный этап конкуренции и особенности формирования конкурентоспособности компаний в этих условиях. Показаны принципы, задачи, виды бенчмаркинга как одного из методов повышения конкурентоспособности компании, раскрыто содержание наиболее важных его этапов. Рассмотрены некоторые проблемные, дискуссионные аспекты развития бенчмаркинга, которые могут вызвать затруднения при изучении курса. Соответствует актуальным требованиям Федерального государственного образовательного стандарта высшего образования. Для студентов высших учебных заведений, обучающихся по экономическим направлениям.
|
| 606 |
1 |
|
|a Предприятия
|x Бенчмаркинг
|2 stltpush
|3 (RuTPU)RU\TPU\subj\71926
|9 85597
|
| 610 |
1 |
|
|a конкуренция
|
| 610 |
1 |
|
|a конкурентные преимущества
|
| 610 |
1 |
|
|a конкурентоспособные профессионалы
|
| 610 |
1 |
|
|a конкурентные стратегии
|
| 610 |
1 |
|
|a содержание
|
| 610 |
1 |
|
|a виды
|
| 610 |
1 |
|
|a проведение
|
| 610 |
1 |
|
|a кейсы
|
| 610 |
1 |
|
|a практические занятия
|
| 610 |
1 |
|
|a учебные пособия
|
| 686 |
|
|
|a У9(2)29-2я73
|v LBC/SL-A
|2 rubbk
|
| 700 |
|
1 |
|a Соловьева
|b Ю. Н.
|g Юлия Николаевна
|
| 712 |
0 |
2 |
|a Санкт-Петербургский государственный экономический университет (СПбГЭУ)
|2 stltpush
|3 (RuTPU)RU\TPU\col\18811
|
| 801 |
|
1 |
|a RU
|b 63413507
|c 20160706
|
| 801 |
|
2 |
|a RU
|b 63413507
|c 20161007
|g RCR
|
| 900 |
|
|
|a Конкурентные стратегии в менеджменте
|
| 900 |
|
|
|a Конкурентоспособность организаций и товаров
|
| 942 |
|
|
|c BK
|
| 951 |
|
|
|l 8.1
|l 8.3
|
| 959 |
|
|
|a 38/20160428
|d 1
|e 259,00
|f ЧЗГЛ:1
|